• 首页
  • 本馆介绍
  • 公告通知
  • 最新文献
  • 馆藏检索
  • 电子资源
  • 读者导购
  • 参考咨询
  • 我的图书馆
  • 登录
  • 详细信息显示
  • 放入我的书架
  • 预约/预借图书
  • 作者相关作品
  • 分类相关作品
  • 丛书相关作品
  • 出版社相关作品

书目信息

  • 表格格式
  • 工作单格式
  • 卡片格式
题名:
儿童百科全书
    
 
作者: 杨寅辉 译
分册:  
出版信息: 北京   中国大百科全书出版社  2010
页数: 304页
开本: 28cm
丛书名:
单 册:
中图分类: Z228.1
科图分类:
主题词: 科学知识--ke xue zhi shi--儿童读物
电子资源:
ISBN: 978-7-5000-8352-8
000 00861nam0 22002531 450
001 1759784691
005 20170603153350.0
010    @a978-7-5000-8352-8@b精装@dCNY138.00
100    @a20100708d2010 cemy0chiy50 ea
101 1  @achi@ceng
102    @aCN@b110000
105    @aa z 001yy
106    @ar
200 1  @a儿童百科全书@Aer tong bai ke quan shu@f杨寅辉等译
210    @a北京@c中国大百科全书出版社@d2010
215    @a304页@c彩图@d28cm
312    @a英文原名:The new children's encyclopedia
330    @a本书内容包括:太空、地球、环境与生态、生物界、世界的大陆、文化、历史与政治、科学、技术、人体。
510 1  @aNew children's encyclopedia@zeng
606 0  @a科学知识@Ake xue zhi shi@j儿童读物
690    @aZ228.1@v4
701  0 @a杨寅辉@Ayang yin hui@c(图书出版)@4译
801  0 @aCN@bTANGWEI@c20170518
905    @b1007634-7@dZ228.1@e214@f4
    
    儿童百科全书/杨寅辉等译 .-北京:中国大百科全书出版社,2010
    304页:彩图;28cm
    
    
    ISBN 978-7-5000-8352-8(精装):CNY138.00
    本书内容包括:太空、地球、环境与生态、生物界、世界的大陆、文化、历史与政治、科学、技术、人体。
●
相关链接 在E读中查询图书 在五车中查询图书 在当当中查询图书 在豆瓣中查询图书


正题名:儿童百科全书     索取号:Z228.1/214         预约/预借

序号 登录号 条形码 馆藏地/架位号 状态 备注
1 1007634   210076344   第二样本阅览室/ [索取号:Z228.1/214] 在馆    
2 1007635   210076353   第三借阅区/ [索取号:Z228.1/214] 在馆    
3 1007636   210076362   教育系资料室/ [索取号:Z228.1/214] 在馆    
4 1007637   210076371   教育系资料室/ [索取号:Z228.1/214] 在馆    
唐山师范学院图书馆 欢迎您!
大连网信软件有限公司© 版权所有